A catalogue of the Riche-Covington collection in Queen's University library (Record no. 8791)

MARC details
000 -LEADER
fixed length control field 01101nam a2200253Ia 4500
003 - CONTROL NUMBER IDENTIFIER
control field IN-BaIIA
008 - FIXED-LENGTH DATA ELEMENTS--GENERAL INFORMATION
fixed length control field 211028s9999 xx 000 0 eng d
020 ## - INTERNATIONAL STANDARD BOOK NUMBER
International Standard Book Number 0-88911-017-4
040 ## - CATALOGING SOURCE
Transcribing agency IIA Library
080 ## - UNIVERSAL DECIMAL CLASSIFICATION NUMBER
Universal Decimal Classification number 083.3:02
Item number REM
100 ## - MAIN ENTRY--PERSONAL NAME
Personal name De St Remy, B
9 (RLIN) 14785
245 #2 - TITLE STATEMENT
Title A catalogue of the Riche-Covington collection in Queen's University library
Remainder of title being a list of books and other sources on early radar and early radio astronomy with associated materials on astronomy and radio technology
Statement of responsibility, etc. B. De St Remy..[et.al]
260 ## - PUBLICATION, DISTRIBUTION, ETC.
Place of publication, distribution, etc. Kingston
Name of publisher, distributor, etc. Riche-Covington Trust
Date of publication, distribution, etc. 1984
300 ## - PHYSICAL DESCRIPTION
Extent xxvi, 63p.
650 ## - SUBJECT ADDED ENTRY--TOPICAL TERM
Topical term or geographic name entry element Catalogue - Radio astronomy books
9 (RLIN) 14786
650 ## - SUBJECT ADDED ENTRY--TOPICAL TERM
Topical term or geographic name entry element Douglas Library -- Catalogs
9 (RLIN) 14787
650 ## - SUBJECT ADDED ENTRY--TOPICAL TERM
Topical term or geographic name entry element NASA thesaurus
650 ## - SUBJECT ADDED ENTRY--TOPICAL TERM
Topical term or geographic name entry element Radio -- Canada -- Bibliographie -- Catalogues
9 (RLIN) 14788
650 ## - SUBJECT ADDED ENTRY--TOPICAL TERM
Topical term or geographic name entry element Radio astronomy -- History -- Bibliography -- Catalogs. Radar -- History -- Bibliography -- Catalogs
9 (RLIN) 14789
700 ## - ADDED ENTRY--PERSONAL NAME
Personal name Aitken, B.
9 (RLIN) 14790
700 ## - ADDED ENTRY--PERSONAL NAME
Personal name Covington, A. E.
9 (RLIN) 14791
700 ## - ADDED ENTRY--PERSONAL NAME
Personal name Morley, L. H.
9 (RLIN) 14792
942 ## - ADDED ENTRY ELEMENTS (KOHA)
Koha item type Books
Holdings
Withdrawn status Lost status Damaged status Not for loan Home library Current library Shelving location Date acquired Total Checkouts Full call number Barcode Date last seen Price effective from Koha item type
        IIA Library-Bangalore IIA Library-Bangalore General Stacks 11/09/1986   083.3:02/ REM 9668 05/11/2021 11/09/1986 Books

Powered by Koha